Integrated Chinese Level 4 中国的变化 (Lesson 12)Vocab - Statistics

General Stats
  • This quiz has been taken 44 times
  • The average score is 13 of 31
Answer Stats
Hint 词汇 % Correct
street
75%
to ride
75%
bicycle 自行车
75%
to go to work 上班
75%
(sound of laughter)
75%
to imagine, to visualize 想象
63%
architecture, to build 建筑
63%
to taste
63%
to not have enough time to do something 来不及
50%
older male cousin with a different surname 表哥
50%
tourist 游客
50%
foreigner (slang) 老外
50%
opposite side 对面
50%
fast food 快餐
50%
small and inexpensive dishes, snacks 小吃
50%
no matter, regardless of 不管
50%
to change
50%
end
38%
to change 变化
25%
to build
25%
clothing, apparel 服装
25%
measure word for sentences
25%
ordinary people 老百姓
25%
as much as possible 尽可能
25%
high speed rail 高速铁路
13%
If it were not for, but for 要不是
13%
distinguishing feature or quality, characteristic 特色
13%
to remain as before, to retain 保留
13%
ordinary people consider food as important as heaven 民以食为天
13%
from past through present, always, at all times 从来
13%
to merge into, to meld into 融入
0%
No matching quizzes found
Score Distribution
Percent of People with Each Score
Percentile by Number Answered
Your Score History
You have not taken this quiz